000 00618nam a22002297a 4500
003 UA-OsUOA
001 95798
007 ta
008 20130306b un ||||| |||| 00| 0 ukr d
100 _aКеллерман Б.
090 _a821.161.1
_bК34
942 _cBK
040 _aUA-OsUOA
_bukr
_cUA-OsUOA
_dUA-OsUOA
245 _aСільські Ромео і Джульєтта
_bновели
300 _a347 с.
955 _a3
041 _aukr
080 _a821.161.1
260 _aК.
_bДніпро
_c1986
650 7 _a82 Література. Літературознавство
_2UDC
999 _c382046
_d382046